000 00432cam a22001575a 4500
001 J100785
008 000000s1919 xxk 000 0 eng u
035 _a(Sirsi) u100785
110 _aAuctioneers' and Estate Agents' Institute of the United Kingdom
_93789
245 _aAnnual record, vol.IX, part 1. 1919.
260 _c1919
300 _a22p.
651 4 _aUnited Kingdom
_y
690 _aBusiness and management
942 _n0
999 _c99829
_d99829